00337nam a2200133Ia 4500008004100000020001800041082001500059100001900074245004000093250000600133260002500139500002500164650001400189230524s9999 xx 000 0 und d a9780074630068 a669.9bAVN aSidney H Avner 0aIntroduction to Physical Metallurgy a2 aNew DelhibTMHc2012 aQuantity Number: 76 aMechanics